<?xml version="1.0" encoding="UTF-8"?>
<collection xmlns="http://www.loc.gov/MARC21/slim">
 <record>
  <leader>03956nam a2200337 a 4500</leader>
  <controlfield tag="001">TVCDKTCT4320</controlfield>
  <controlfield tag="003">Thư viện trường Cao đẳng Kỹ thuật Cao Thắng</controlfield>
  <controlfield tag="005">20170602095701.7</controlfield>
  <controlfield tag="008">051213</controlfield>
  <datafield tag="980" ind1="\" ind2="\">
   <subfield code="a">Thư viện Trường CĐ Kỹ Thuật Cao Thắng</subfield>
  </datafield>
  <datafield tag="024" ind1=" " ind2=" ">
   <subfield code="a">RG_1 #1 eb1 i1 i5</subfield>
  </datafield>
  <datafield tag="041" ind1="0" ind2="#">
   <subfield code="a">vie</subfield>
  </datafield>
  <datafield tag="082" ind1="#" ind2="#">
   <subfield code="a">621.319 / </subfield>
   <subfield code="b">TR121K-b</subfield>
  </datafield>
  <datafield tag="100" ind1="1" ind2="#">
   <subfield code="a">Trần Quang Khánh</subfield>
  </datafield>
  <datafield tag="245" ind1="0" ind2="0">
   <subfield code="a">Bài tập cung cấp điện / </subfield>
   <subfield code="c">Trần Quang Khánh</subfield>
  </datafield>
  <datafield tag="250" ind1="#" ind2="#">
   <subfield code="a">In lần thứ 1</subfield>
  </datafield>
  <datafield tag="260" ind1="#" ind2="#">
   <subfield code="a">H. : </subfield>
   <subfield code="b">Khoa học và kỹ thuật , </subfield>
   <subfield code="c">2005</subfield>
  </datafield>
  <datafield tag="300" ind1="#" ind2="#">
   <subfield code="a">462tr. ; </subfield>
   <subfield code="c">27 cm</subfield>
  </datafield>
  <datafield tag="520" ind1="#" ind2="#">
   <subfield code="a">Bên cạnh các bài tập thông thường, đối với một số nội dung quan trọng còn có các bài tập dài được cho dưới dạng lấy dữ kiện theo họ tên người thực hiện nhằm đa dạng hóa đề bài. Đáp số của tất cả các bài toán có thể tìm thấy ở phần cuối của cuốn sách. Các bài toán được trình bày đơn giản nhất đến mức có thể, bài toán được giải theo nhiều cách, các thông tin mới nhất cũng được cập nhật đến mức có thể. Lời giải của các bài toán được trình bày dưới dạng thông thường, tuy nhiên các phép tính được thực hiện với sự trợ giúp của chương trình Excel, một số bài được giải với chương trình riêng được xây dựng trên ngôn ngữ lập trình Visual Basic hoặc Matlab.</subfield>
  </datafield>
  <datafield tag="520" ind1="#" ind2="#">
   <subfield code="a">các bài giải mẫu ứng với nội dung của chương trình: Mục thứ ba là bài tập dành cho bạn đọc tự giải để kiểm tra kỹ năng tính toán và trình độ của mình. Dữ liệu các bài toán phần lớn được lấy từ mạng điện cụ thể, vì vậy ngoài mục đích học tập, một số kết quả tính toán có thể áp dụng cho mục đích nghiên cứu khảo sát.</subfield>
  </datafield>
  <datafield tag="520" ind1="#" ind2="#">
   <subfield code="a">Cuốn &quot; Bài tập cung cấp điện &quot; được biên soạn với mục đích chính là giúp cho bạn đọc nắm bắt một cách tốt nhất chương trình môn học Cung cấp điện và nâng cao kỹ năng tính toán thiết kế cung cấp điện thông qua phương pháp giải các bài tập thực tế.</subfield>
  </datafield>
  <datafield tag="520" ind1="#" ind2="#">
   <subfield code="a">Kết cấu của các chương đều theo một trình tự giống nhau: Mục thứ nhất được trình bày ngắn gọn cơ sở lý thuyết với những biểu thức quan trọng nhất, thiết thực cho việc giải các bài toán của các chương: Mục hai giới thiệu</subfield>
  </datafield>
  <datafield tag="520" ind1="#" ind2="#">
   <subfield code="a">Nội dung cuốn sách được trình bày trong hai phần :</subfield>
  </datafield>
  <datafield tag="520" ind1="#" ind2="#">
   <subfield code="a">Phần I : Là bài tập, thâu tóm hầu hết các nội dung cơ bản của chương trình hệ thống cung cấp điện.</subfield>
  </datafield>
  <datafield tag="520" ind1="#" ind2="#">
   <subfield code="a">Phần II : Bao gồm một số bài thiết kế cụ thể, tổng hợp lại toàn bộ các khâu cần thiết trong tính toán thiết kế cung cấp điện.</subfield>
  </datafield>
  <datafield tag="650" ind1="#" ind2="4">
   <subfield code="a">Bài tập</subfield>
  </datafield>
  <datafield tag="650" ind1="#" ind2="4">
   <subfield code="a">Điện</subfield>
  </datafield>
  <datafield tag="650" ind1="#" ind2="4">
   <subfield code="a">Phụ tải điện-Mạng điện-Trạm biến thế-Bảo vệ Rơle-Kỹ thuật chiếu sáng-An toàn điện-Thiết Kế cung cấp điện</subfield>
  </datafield>
  <datafield tag="721" ind1="#" ind2="#">
   <subfield code="a">CNKT Điện</subfield>
  </datafield>
  <datafield tag="841" ind1="#" ind2="#">
   <subfield code="b">Kho Sách </subfield>
   <subfield code="j">100012028, 100013986, 100013987, 100013988, 100015619, 100015620, 100015621</subfield>
  </datafield>
  <datafield tag="841" ind1="#" ind2="#">
   <subfield code="b">Kho Tra Cứu </subfield>
   <subfield code="j">500000356, 500000357, 500001184, 500001189</subfield>
  </datafield>
 </record>
</collection>
